Lisabonská zmluva

Podstatné zmeny, ktoré prináša Lisabonská zmluva v porovnaní so Zmluvou o Ústave pre Európu. Prognóza nadobudnutia platnosti zmluvy. Názov Lisabonskej zmluvy. Prednosť európskeho práva. Obsahová štruktúra Zmluvy o Európskej únii.

Salvato in:
Dettagli Bibliografici
Autore principale: Nováčková, Daniela
Natura: Capitolo di libro
Lingua:slovacco
Soggetti:
Tags: Aggiungi Tag
Nessun Tag, puoi essere il primo ad aggiungerne!!

MARC

LEADER 00000naa$a2200000$$$4500
001 0074094
005 20231011093934.4
041 0 |a slo 
044 |a SK 
245 1 0 |a Lisabonská zmluva  |c Daniela Nováčková 
520 |a Podstatné zmeny, ktoré prináša Lisabonská zmluva v porovnaní so Zmluvou o Ústave pre Európu. Prognóza nadobudnutia platnosti zmluvy. Názov Lisabonskej zmluvy. Prednosť európskeho práva. Obsahová štruktúra Zmluvy o Európskej únii. 
610 2 0 |a právo európske 
610 2 0 |a spolupráca medzinárodná 
610 2 0 |a ústava 
610 2 0 |a zmluvy medzinárodné 
610 2 0 |a Európska únia 
610 2 0 |a politika medzinárodná 
100 1 |a Nováčková, Daniela